| 000 | 00540nam a2200205Ia 4500 | ||
|---|---|---|---|
| 001 | 21905 | ||
| 003 | GE_BSU | ||
| 008 | 181216s||||||||xx |||||||||||||| ||und|| | ||
| 040 | _cGE_BSU | ||
| 080 | _aპერიოდიკა | ||
| 245 | 4 | _aThe Economist, May 13th-19th. 2017 | |
| 245 | _bNumber 9040 Volume 423 | ||
| 260 | _aბათუმი | ||
| 260 | _c2017 | ||
| 300 | _a90p; 27sm. | ||
| 653 | _aNumber 9040 Volume 423 | ||
| 653 | _aThe Economist, May 13th-19th. 2017 | ||
| 653 | _aპერიოდიკა | ||
| 942 | _cCR | ||
| 999 |
_c54836 _d54836 |
||